[Event "SLO-chT"]
[Site "Slovenia"]
[Date "2011.06.10"]
[Round "7"]
[White "Praznik, Anton"]
[Black "Matko, Milan"]
[Result "0-1"]
[WhiteElo "2175"]
[BlackElo "2073"]
[PlyCount "82"]
[EventDate "2011.05.27"]
[EventType "team-tourn"]
[EventRounds "9"]
[EventCountry "SLO"]
[SourceTitle "CBM 142 Extra"]
[Source "ChessBase"]
[SourceDate "2011.06.27"]
[SourceVersion "1"]
[SourceVersionDate "2011.06.27"]
[SourceQuality "1"]
[WhiteTeam "Vrhnika"]
[BlackTeam "Velenje Veplas"]
[WhiteTeamCountry "SLO"]
[BlackTeamCountry "SLO"]

1. e4 g6 2. d4 Bg7 3. c3 d6 4. f4 Nd7 5. Nf3 e6 6. Bd3 Ne7 7. 0-0 0-0 8. Qe1 c5 9. Na3 d5 10. e5 a6 11. Nc2 c4 12. Be2 b5 13. g4 f5 14. h3 a5 15. a3 Nb8 16. Bd2 Nbc6 17. Kh1 Bd7 18. Ng5 Qb6 19. Qh4 h6 20. Nf3 Ra7 21. Qg3 Rfa8 22. Nh4 Be8 23. Rg1 b4 24. gxf5 Nxf5 25. Nxf5 exf5 26. axb4 axb4 27. Rxa7 Rxa7 28. Bc1 bxc3 29. Qxc3 Qb4 30. Ne3 Ne7 31. Bf3 Qxc3 32. bxc3 Bc6 33. Bb2 Ra2 34. Rg2 Kf7 35. Kh2 h5 36. Bc1 Ra1 37. Bd2 Bh6 38. Kg3 h4+ 39. Kf2 Bxf4 40. Nxc4 Bg3+ 41. Rxg3 hxg3+ 0-1

[Event "SLO-CupT"]
[Site "Slovenia"]
[Date "2010.06.13"]
[Round "3.2"]
[White "Semrl, Marjan"]
[Black "Matko, Milan"]
[Result "1/2-1/2"]
[WhiteElo "2164"]
[BlackElo "2077"]
[PlyCount "37"]
[EventDate "2010.05.09"]
[EventType "team-swiss"]
[EventRounds "5"]
[EventCountry "SLO"]
[SourceTitle "EXT 2024"]
[Source "ChessBase"]
[SourceDate "2023.10.10"]
[SourceVersion "1"]
[SourceVersionDate "2023.10.10"]
[SourceQuality "1"]
[WhiteTeam "Domzale"]
[BlackTeam "Velenje Veplas"]
[WhiteTeamCountry "SLO"]
[BlackTeamCountry "SLO"]

1. d4 g6 2. Nf3 Bg7 3. Nc3 d6 4. e4 Nc6 5. Be3 e5 6. dxe5 Nxe5 7. Nxe5 Bxe5 8. Bc4 Be6 9. Qd3 Bxc4 10. Qxc4 Ne7 11. 0-0 Qd7 12. Rad1 Qc6 13. Qb3 0-0 14. Rfe1 a5 15. Bd4 a4 16. Qb5 Bxd4 17. Rxd4 a3 18. Rb4 axb2 19. Qxc6 1/2-1/2

[Event "SLO-chT1 West"]
[Site "Sentjur"]
[Date "2009.11.08"]
[Round "9"]
[White "Samovojska, Damir"]
[Black "Matko, Milan"]
[Result "1-0"]
[WhiteElo "2307"]
[BlackElo "2085"]
[PlyCount "51"]
[EventDate "2009.10.22"]
[EventType "team-tourn"]
[EventRounds "9"]
[EventCountry "SLO"]
[SourceTitle "EXT 2010"]
[Source "ChessBase"]
[SourceDate "2010.11.25"]
[SourceVersion "1"]
[SourceVersionDate "2010.11.25"]
[SourceQuality "1"]

1. d4 g6 2. h4 h5 3. e4 Bg7 4. Nc3 d6 5. Bg5 Nc6 6. Nge2 f6 7. Be3 Nh6 8. Nf4 Ng4 9. Nxg6 Nxe3 10. fxe3 Rh6 11. Nf4 Bg4 12. Be2 e5 13. Nxh5 Bxh5 14. Bxh5+ Kf8 15. d5 Nb4 16. Kd2 c6 17. a3 Na6 18. Qf3 Rc8 19. g4 Rxh5 20. gxh5 cxd5 21. exd5 Rxc3 22. bxc3 e4 23. Qf5 Nc5 24. Rhg1 Qc7 25. h6 Na4 26. hxg7+ 1-0

[Event "SLO-chT1 West"]
[Site "Sentjur"]
[Date "2009.11.07"]
[Round "8"]
[White "Matko, Milan"]
[Black "Coklin, Marko"]
[Result "0-1"]
[WhiteElo "2085"]
[BlackElo "2241"]
[PlyCount "70"]
[EventDate "2009.10.22"]
[EventType "team-tourn"]
[EventRounds "9"]
[EventCountry "SLO"]
[SourceTitle "EXT 2010"]
[Source "ChessBase"]
[SourceDate "2010.11.25"]
[SourceVersion "1"]
[SourceVersionDate "2010.11.25"]
[SourceQuality "1"]

1. g3 g6 2. Bg2 Bg7 3. e4 c5 4. f4 Nc6 5. Nf3 e6 6. 0-0 Nge7 7. Nc3 0-0 8. d3 d5 9. h3 d4 10. Ne2 e5 11. g4 f5 12. exf5 gxf5 13. gxf5 Nxf5 14. fxe5 Nxe5 15. Nf4 Kh8 16. Nxe5 Bxe5 17. Qh5 Qe8 18. Qxe8 Rxe8 19. Re1 Bd7 20. Bxb7 Rab8 21. Bf3 Ne3 22. Bxe3 dxe3 23. Nd5 Rxb2 24. Re2 Rxc2 25. Rxc2 Bxa1 26. Kf1 Ba4 27. Rxc5 e2+ 28. Ke1 Bd4 29. Be4 Bxc5 30. Kxe2 Bc6 31. Kd2 Bxd5 32. Bxd5 Bd4 33. Kc2 Rb8 34. Bb3 Kg7 35. Kd2 Rf8 0-1

[Event "SLO-chT1 West"]
[Site "Sentjur"]
[Date "2009.11.06"]
[Round "6"]
[White "Serdt, Simon"]
[Black "Matko, Milan"]
[Result "1/2-1/2"]
[WhiteElo "2297"]
[BlackElo "2085"]
[PlyCount "72"]
[EventDate "2009.10.22"]
[EventType "team-tourn"]
[EventRounds "9"]
[EventCountry "SLO"]
[SourceTitle "EXT 2010"]
[Source "ChessBase"]
[SourceDate "2010.11.25"]
[SourceVersion "1"]
[SourceVersionDate "2010.11.25"]
[SourceQuality "1"]

1. d4 g6 2. c4 Bg7 3. e4 d6 4. Nc3 Nf6 5. Nge2 0-0 6. f3 Nc6 7. Be3 e5 8. d5 Ne7 9. Nc1 Nd7 10. Nd3 f5 11. c5 Nf6 12. Be2 Kh8 13. Qd2 Neg8 14. 0-0-0 fxe4 15. fxe4 Ng4 16. Bxg4 Bxg4 17. Rdf1 a6 18. Kb1 Qe7 19. cxd6 cxd6 20. Rxf8 Rxf8 21. a4 Bd7 22. a5 Qh4 23. Bg5 Bh6 24. Bxh4 Bxd2 25. Kc2 Be3 26. Re1 Bd4 27. Kd2 Kg7 28. Ne2 Ba7 29. Rc1 Rc8 30. Rxc8 Bxc8 31. Bf2 Bxf2 32. Nxf2 Nf6 33. Nc3 Bd7 34. Nfd1 Kf7 35. h4 h5 36. Ne3 Ke7 1/2-1/2

[Event "SLO-chT1 West"]
[Site "Sentjur"]
[Date "2009.10.25"]
[Round "5"]
[White "Matko, Milan"]
[Black "Ivanec, Dezider"]
[Result "1/2-1/2"]
[WhiteElo "2085"]
[BlackElo "2175"]
[PlyCount "29"]
[EventDate "2009.10.22"]
[EventType "team-tourn"]
[EventRounds "9"]
[EventCountry "SLO"]
[SourceTitle "EXT 2010"]
[Source "ChessBase"]
[SourceDate "2010.11.25"]
[SourceVersion "1"]
[SourceVersionDate "2010.11.25"]
[SourceQuality "1"]

1. Nf3 c5 2. g3 g6 3. Bg2 Bg7 4. 0-0 Nc6 5. e4 e5 6. Nc3 d6 7. d3 Nge7 8. Nh4 0-0 9. f4 exf4 10. gxf4 Nd4 11. Ne2 Nec6 12. Nf3 Bg4 13. c3 Nxf3+ 14. Bxf3 Bxf3 15. Rxf3 1/2-1/2

[Event "SLO-chT1 West"]
[Site "Sentjur"]
[Date "2009.10.24"]
[Round "3"]
[White "Matko, Milan"]
[Black "Madl, Ildiko"]
[Result "1/2-1/2"]
[WhiteElo "2085"]
[BlackElo "2385"]
[PlyCount "81"]
[EventDate "2009.10.22"]
[EventType "team-tourn"]
[EventRounds "9"]
[EventCountry "SLO"]
[SourceTitle "EXT 2010"]
[Source "ChessBase"]
[SourceDate "2010.11.25"]
[SourceVersion "1"]
[SourceVersionDate "2010.11.25"]
[SourceQuality "1"]

1. Nf3 d5 2. g3 Nf6 3. Bg2 c6 4. 0-0 Bf5 5. d3 h6 6. Nc3 e6 7. h3 Be7 8. Bd2 Bh7 9. Qc1 Nbd7 10. Re1 0-0 11. Rb1 a5 12. Nd1 e5 13. Nh2 Ne8 14. e4 dxe4 15. dxe4 Nd6 16. Bc3 Nb5 17. Ng4 Nxc3 18. Nxc3 Bc5 19. Qd2 Qe7 20. Rbd1 Rfd8 21. Qc1 b5 22. Ne3 Qf6 23. Re2 Nf8 24. Rxd8 Rxd8 25. Ncd1 Rd4 26. Nf5 Bxf5 27. exf5 Qxf5 28. Kh2 Qd7 29. Ne3 f5 30. c3 Rd6 31. Qc2 g6 32. b4 axb4 33. cxb4 Bd4 34. a4 bxa4 35. Qxa4 e4 36. Nc4 Re6 37. Rd2 Qd5 38. Qc2 Rf6 39. Na5 c5 40. Nb3 Ne6 41. Qc4 1/2-1/2

[Event "SLO Cup"]
[Site "Otocec"]
[Date "2009.05.24"]
[Round "4"]
[White "Kersic, Matej"]
[Black "Matko, Milan"]
[Result "0-1"]
[WhiteElo "2142"]
[BlackElo "2076"]
[PlyCount "72"]
[EventDate "2009.05.22"]
[EventType "team-tourn"]
[EventRounds "5"]
[EventCountry "SLO"]
[SourceTitle "CBM 130 Extra"]
[Source "ChessBase"]
[SourceDate "2009.07.02"]
[SourceVersion "2"]
[SourceVersionDate "2009.07.15"]
[SourceQuality "1"]

1. e4 g6 2. d4 Bg7 3. Be3 d6 4. Nc3 Nf6 5. f3 Nc6 6. Bc4 e5 7. Nge2 0-0 8. Qd2 a6 9. 0-0-0 Nd7 10. d5 Ne7 11. g4 f5 12. gxf5 gxf5 13. Rdg1 f4 14. Bf2 Kh8 15. Kb1 Bf6 16. Nc1 Ng6 17. h4 Rg8 18. Bf1 Ndf8 19. Qe1 h5 20. Nd3 Qe7 21. Ne2 c5 22. dxc6 bxc6 23. Bh3 Bxh3 24. Rxh3 Qe6 25. Rh2 Nd7 26. Rhg2 Ne7 27. Rxg8+ Rxg8 28. Rxg8+ Nxg8 29. Qg1 d5 30. Nc3 Ne7 31. a3 Ng6 32. exd5 cxd5 33. Nb4 d4 34. Ne4 a5 35. Nxf6 Qxf6 36. Nd5 Qc6 0-1

[Event "SLO Cup"]
[Site "Otocec"]
[Date "2009.05.23"]
[Round "2"]
[White "Crepan, Marjan"]
[Black "Matko, Milan"]
[Result "1/2-1/2"]
[WhiteElo "2313"]
[BlackElo "2076"]
[PlyCount "42"]
[EventDate "2009.05.22"]
[EventType "team-tourn"]
[EventRounds "5"]
[EventCountry "SLO"]
[SourceTitle "CBM 130 Extra"]
[Source "ChessBase"]
[SourceDate "2009.07.02"]
[SourceVersion "2"]
[SourceVersionDate "2009.07.15"]
[SourceQuality "1"]

1. e4 g6 2. d4 Bg7 3. Nf3 d6 4. Bc4 Nc6 5. c3 Nf6 6. Qe2 e5 7. dxe5 Nxe5 8. Nxe5 dxe5 9. Bg5 0-0 10. Nd2 Qe7 11. 0-0 h6 12. Bh4 Be6 13. Rfe1 g5 14. Bg3 Rfd8 15. Bxe6 Qxe6 16. Nc4 Ne8 17. Rad1 b5 18. Ne3 c6 19. Nf5 Bf8 20. a4 Ng7 21. Rxd8 Rxd8 1/2-1/2

[Event "SLO-ch qual"]
[Site "Sentjur"]
[Date "2008.07.05"]
[Round "5"]
[White "Matko, Milan"]
[Black "Titan, Matej"]
[Result "1/2-1/2"]
[WhiteElo "2099"]
[BlackElo "1721"]
[PlyCount "106"]
[EventDate "2008.07.03"]
[EventType "swiss"]
[EventRounds "9"]
[EventCountry "SLO"]
[SourceTitle "EXT 2010"]
[Source "ChessBase"]
[SourceDate "2010.11.25"]
[SourceVersion "1"]
[SourceVersionDate "2010.11.25"]
[SourceQuality "1"]

1. g3 d5 2. Nf3 Nf6 3. Bg2 c6 4. 0-0 Bg4 5. h3 Bh5 6. d3 Nbd7 7. Nc3 e5 8. e4 dxe4 9. dxe4 Bc5 10. Qe2 Qc7 11. g4 Bg6 12. Nh4 Nf8 13. Na4 Bd6 14. Nf5 Ne6 15. Be3 0-0 16. Rfd1 Bxf5 17. exf5 Nf4 18. Bxf4 exf4 19. g5 Ne8 20. Rd2 f3 21. Qxf3 Bh2+ 22. Kh1 Bf4 23. Rd3 Bxg5 24. Nc5 Nf6 25. Qg3 Bf4 26. Qh4 Rad8 27. Rad1 Rxd3 28. Nxd3 Bd6 29. c4 c5 30. Ne1 Re8 31. Bf3 Be5 32. Nd3 Bd4 33. b4 b6 34. Qg3 Qxg3 35. fxg3 cxb4 36. Nxb4 Bc5 37. Nd5 Nxd5 38. cxd5 Rd8 39. Kg2 Kf8 40. g4 Ke7 41. g5 Kf8 42. Be4 Re8 43. Kf3 Ke7 44. h4 Kd6 45. Kf4 a5 46. a4 Bf2 47. Rc1 Bc5 48. h5 Rf8 49. Rc2 Kd7 50. Rg2 Kd6 51. Rc2 Kd7 52. Re2 Kd6 53. Rc2 Kd7 1/2-1/2

[Event "SLO-ch qual"]
[Site "Sentjur"]
[Date "2008.07.03"]
[Round "1"]
[White "Juric, Marko"]
[Black "Matko, Milan"]
[Result "0-1"]
[WhiteElo "1806"]
[BlackElo "2099"]
[PlyCount "74"]
[EventDate "2008.07.03"]
[EventType "swiss"]
[EventRounds "9"]
[EventCountry "SLO"]
[SourceTitle "EXT 2010"]
[Source "ChessBase"]
[SourceDate "2010.11.25"]
[SourceVersion "1"]
[SourceVersionDate "2010.11.25"]
[SourceQuality "1"]

1. e4 g6 2. d4 Bg7 3. Nf3 d6 4. Be2 Nf6 5. Nc3 0-0 6. 0-0 e5 7. dxe5 dxe5 8. Qxd8 Rxd8 9. Bg5 Re8 10. h3 c6 11. a4 h6 12. Be3 Nh5 13. Bc4 Nd7 14. a5 Nf8 15. Rfd1 Nf4 16. Rd2 Be6 17. Bf1 f5 18. Rad1 fxe4 19. Nxe4 Bd5 20. Nd6 Re7 21. c4 Nxh3+ 22. Kh2 Bxf3 23. gxf3 Nf4 24. b4 N8e6 25. Ne4 a6 26. Rd7 Bf8 27. c5 Nd5 28. Rxe7 Bxe7 29. Bc4 Rd8 30. Bxh6 g5 31. Rg1 Kf7 32. Nxg5+ Bxg5 33. Rxg5 Nxg5 34. Bxg5 Rg8 35. f4 Ke6 36. f5+ Kxf5 37. Be3 Rh8+ 0-1

[Event "Slovenske Konjice op 4th"]
[Site "Slovenske Konjice"]
[Date "2007.04.21"]
[Round "7"]
[White "Krumpacnik, Domen"]
[Black "Matko, Milan"]
[Result "1-0"]
[WhiteElo "2406"]
[BlackElo "2192"]
[PlyCount "107"]
[EventDate "2007.04.13"]
[EventType "swiss"]
[EventRounds "9"]
[EventCountry "SLO"]
[SourceTitle "CBM 118 Extra"]
[Source "ChessBase"]
[SourceDate "2007.07.04"]
[SourceVersion "1"]
[SourceVersionDate "2007.07.04"]
[SourceQuality "1"]

1. d4 Nf6 2. c4 g6 3. Nc3 Bg7 4. e4 d6 5. f3 0-0 6. Be3 e5 7. Nge2 Nc6 8. Qd2 a6 9. g4 Kh8 10. h4 exd4 11. Nxd4 Nxd4 12. Bxd4 Nd7 13. 0-0-0 Bxd4 14. Qxd4+ Qf6 15. Nd5 Qxd4 16. Rxd4 c5 17. Rd2 b5 18. Ne3 Ne5 19. Be2 Be6 20. Rxd6 Bxc4 21. Nxc4 bxc4 22. Rhd1 Rfe8 23. R1d5 Nd3+ 24. Bxd3 cxd3 25. Rxc5 Rac8 26. Rdd5 f5 27. gxf5 Rxc5+ 28. Rxc5 gxf5 29. Rxf5 Rc8+ 30. Kd2 Rc2+ 31. Kxd3 Rxb2 32. a4 Kg7 33. h5 Rb4 34. a5 Ra4 35. Ke3 h6 36. Kf4 Ra3 37. Kg4 Ra1 38. Rc5 Rg1+ 39. Kf4 Rh1 40. Rc7+ Kg8 41. Rc6 Rh4+ 42. Kg3 Rxh5 43. Rxa6 Rh1 44. Ra7 Rg1+ 45. Kf4 h5 46. a6 Ra1 47. e5 h4 48. Kg4 Ra4+ 49. f4 Kh8 50. e6 Kg8 51. Ra8+ Kg7 52. e7 h3 53. e8Q h2 54. Qe7+ 1-0

[Event "SLO-chT2 East"]
[Site "Velenje"]
[Date "2006.10.02"]
[Round "6"]
[White "Hevir, Vladimir"]
[Black "Matko, Milan"]
[Result "1-0"]
[WhiteElo "1937"]
[BlackElo "2171"]
[PlyCount "145"]
[EventDate "2006.05.21"]
[EventType "team"]
[EventRounds "9"]
[EventCountry "SLO"]
[SourceTitle "EXT 2008"]
[Source "ChessBase"]
[SourceDate "2007.11.25"]
[SourceVersion "1"]
[SourceVersionDate "2007.11.25"]
[SourceQuality "1"]

1. e4 g6 2. d4 Bg7 3. Nf3 d6 4. Bc4 Nc6 5. Nc3 Nf6 6. h3 0-0 7. d5 Na5 8. Bd3 c5 9. Bg5 c4 10. Be2 b5 11. a3 a6 12. Qd2 Nb7 13. Bh6 Nc5 14. Bxg7 Kxg7 15. Qd4 Qc7 16. Rd1 Bb7 17. Nh2 e5 18. Qe3 Rfe8 19. g4 Ng8 20. h4 Qe7 21. Nf1 Qf6 22. Qh3 Kh8 23. Ng3 Bc8 24. h5 g5 25. h6 Ne7 26. Nh5 Qg6 27. Qf3 f6 28. Ng7 Rd8 29. Nf5 Qf7 30. Nxe7 Qxe7 31. Kf1 Rg8 32. Kg2 Rg6 33. Rh2 Qf8 34. Rdh1 Bd7 35. Bd1 Rb8 36. b4 cxb3 37. cxb3 b4 38. Nb1 Bb5 39. Bc2 a5 40. a4 Bd7 41. Nd2 Qc8 42. Bd1 Qc7 43. Be2 Bc8 44. Nc4 Ba6 45. Ra1 Bxc4 46. Bxc4 Rc8 47. Bb5 Qd8 48. Bc6 Rc7 49. Rh3 Qf8 50. Rah1 Qb8 51. Rh5 Kg8 52. R5h3 Kf7 53. Rc1 Qf8 54. Qf5 Qc8 55. Qf3 Ke7 56. Qe2 Qa6 57. Bb5 Qc8 58. Bc6 Rg8 59. Qf3 Qf8 60. Qf5 Qf7 61. Rc4 Qg6 62. Qf3 Rgc8 63. Rh1 Rb8 64. Rd1 Nd7 65. Rdc1 Nb6 66. Be8 Rxc4 67. Bxg6 Rxc1 68. Bxh7 Nd7 69. Qf5 Nf8 70. Bg8 Rc3 71. h7 Nxh7 72. Qxh7+ Ke8 73. Be6 1-0

[Event "SLO-chT 16th"]
[Site "Ljubljana"]
[Date "2006.07.08"]
[Round "8"]
[White "Praznik, Niko"]
[Black "Matko, Milan"]
[Result "0-1"]
[WhiteElo "2356"]
[BlackElo "2177"]
[PlyCount "98"]
[EventDate "2006.07.03"]
[EventType "team"]
[EventRounds "9"]
[EventCountry "SLO"]
[SourceTitle "EXT 2008"]
[Source "ChessBase"]
[SourceDate "2007.11.25"]
[SourceVersion "1"]
[SourceVersionDate "2007.11.25"]
[SourceQuality "1"]

1. e4 g6 2. d4 Bg7 3. Nc3 d6 4. Be3 Nf6 5. f3 0-0 6. Qd2 Nc6 7. 0-0-0 e5 8. Nge2 Nd7 9. d5 Ne7 10. g4 f5 11. gxf5 gxf5 12. h4 f4 13. Bf2 Kh8 14. Bh3 Nf6 15. Bxc8 Qxc8 16. h5 Nfg8 17. Ng1 Bf6 18. Nh3 Nh6 19. Rdg1 a6 20. Ng5 Bxg5 21. Rxg5 Nf7 22. Rg2 Ng8 23. Bh4 Nfh6 24. Ne2 Rf7 25. Ng1 Qd7 26. Nh3 c6 27. Ng5 Rg7 28. Ne6 Rxg2 29. Qxg2 cxd5 30. exd5 Nf5 31. Bg5 Rc8 32. Rh2 Ne3 33. Qh3 Qa4 34. Nd4 Qxd4 35. Bf6+ Nxf6 36. Qxc8+ Ng8 37. Rd2 Qc4 38. Qxc4 Nxc4 39. Rd3 Nf6 40. Rc3 b5 41. b3 Nxd5 42. Rd3 Nb4 43. bxc4 Nxd3+ 44. cxd3 bxc4 45. dxc4 Kg7 46. Kc2 Kh6 47. Kd3 Kxh5 48. Ke4 Kg5 49. Kd5 e4 0-1

[Event "SLO-chT 16th"]
[Site "Ljubljana"]
[Date "2006.07.06"]
[Round "6"]
[White "Basagic, Zlatko"]
[Black "Matko, Milan"]
[Result "0-1"]
[WhiteElo "2372"]
[BlackElo "2177"]
[PlyCount "99"]
[EventDate "2006.07.03"]
[EventType "team"]
[EventRounds "9"]
[EventCountry "SLO"]
[SourceTitle "EXT 2008"]
[Source "ChessBase"]
[SourceDate "2007.11.25"]
[SourceVersion "1"]
[SourceVersionDate "2007.11.25"]
[SourceQuality "1"]

1. e4 g6 2. d4 Bg7 3. Nc3 d6 4. Bc4 Nc6 5. Nf3 Nf6 6. h3 0-0 7. Bg5 Nxe4 8. Bxf7+ Rxf7 9. Nxe4 Qe8 10. c3 e5 11. d5 Ne7 12. c4 h6 13. Bd2 Bf5 14. Qe2 b6 15. 0-0 g5 16. g4 Bh7 17. Ne1 Ng6 18. Nc3 Nf4 19. Bxf4 exf4 20. Qd2 Re7 21. Nf3 Qg6 22. Rfe1 Rae8 23. Rxe7 Rxe7 24. Re1 Rxe1+ 25. Nxe1 a6 26. Kg2 Kf7 27. h4 Bxc3 28. Qxc3 Qf6 29. Qd2 Qe5 30. hxg5 hxg5 31. Kf1 Be4 32. f3 Bb1 33. a3 Qh8 34. Qe2 Qe5 35. Qh2 Kg7 36. Qd2 Bg6 37. Kf2 Kf7 38. Kf1 Bb1 39. Qc1 Bg6 40. Qd2 Kf6 41. Kf2 Kf7 42. Kf1 Kf6 43. Kf2 Ke7 44. Kf1 Kd7 45. Kf2 c6 46. b4 cxd5 47. cxd5 Kc7 48. Kf1 b5 49. Qf2 Qxd5 50. Qa7+ 0-1

[Event "SLO-chT 16th"]
[Site "Ljubljana"]
[Date "2006.07.05"]
[Round "4"]
[White "Matko, Milan"]
[Black "Rezonja, Stefan"]
[Result "1-0"]
[WhiteElo "2177"]
[BlackElo "2069"]
[PlyCount "79"]
[EventDate "2006.07.03"]
[EventType "team"]
[EventRounds "9"]
[EventCountry "SLO"]
[SourceTitle "EXT 2008"]
[Source "ChessBase"]
[SourceDate "2007.11.25"]
[SourceVersion "1"]
[SourceVersionDate "2007.11.25"]
[SourceQuality "1"]

1. g3 g6 2. Bg2 Bg7 3. e4 c5 4. f4 Nc6 5. Nf3 e6 6. 0-0 Nge7 7. Nc3 0-0 8. d3 d6 9. Ne2 f5 10. c3 h6 11. Be3 Kh7 12. Qc2 e5 13. Rad1 b6 14. Nh4 Rb8 15. d4 cxd4 16. cxd4 exf4 17. gxf4 d5 18. e5 Be6 19. Nf3 Qd7 20. Ng3 Rfc8 21. Qd2 b5 22. Rc1 b4 23. h4 Na5 24. h5 Nc4 25. Qe2 Nxe3 26. Qxe3 Qb5 27. Qd2 Qe8 28. Nh4 gxh5 29. Bf3 Rxc1 30. Rxc1 Rc8 31. Bxh5 Rxc1+ 32. Qxc1 Qb5 33. Be2 Qd7 34. Qc2 a5 35. Bd3 Kg8 36. Ngxf5 Nxf5 37. Bxf5 Bxf5 38. Nxf5 Bf8 39. Qg2+ Kh7 40. Ne3 1-0

[Event "SLO-chT 16th"]
[Site "Ljubljana"]
[Date "2006.07.04"]
[Round "3"]
[White "Matko, Milan"]
[Black "Buzeti, Jernej"]
[Result "1-0"]
[WhiteElo "2177"]
[BlackElo "1989"]
[PlyCount "75"]
[EventDate "2006.07.03"]
[EventType "team"]
[EventRounds "9"]
[EventCountry "SLO"]
[SourceTitle "EXT 2008"]
[Source "ChessBase"]
[SourceDate "2007.11.25"]
[SourceVersion "1"]
[SourceVersionDate "2007.11.25"]
[SourceQuality "1"]

1. g3 c5 2. Bg2 g6 3. Nc3 Bg7 4. e4 e5 5. d3 Ne7 6. f4 d6 7. Nf3 0-0 8. 0-0 h6 9. Be3 Qc7 10. Qd2 Kh7 11. Nh4 f5 12. exf5 Bxf5 13. fxe5 dxe5 14. Ne4 Nd7 15. Nxf5 Nxf5 16. Rae1 Rad8 17. Bf2 Nd4 18. Be3 Nf5 19. Qc3 Nxe3 20. Rxe3 Rxf1+ 21. Bxf1 b6 22. Rf3 Rf8 23. Rxf8 Nxf8 24. Qc4 Qd7 25. c3 Kh8 26. Nf2 Nh7 27. Bh3 Qe8 28. Qd5 Nf6 29. Qb7 Qa4 30. Be6 Kh7 31. Bb3 Qd7 32. Qb8 Qe7 33. Ne4 g5 34. Nxf6+ Qxf6 35. Bg8+ Kg6 36. Qe8+ Kf5 37. h3 Qd6 38. Qf7+ 1-0

[Event "SLO-chT 16th"]
[Site "Ljubljana"]
[Date "2006.07.03"]
[Round "1"]
[White "Matko, Milan"]
[Black "Benko, Bostjan"]
[Result "1-0"]
[WhiteElo "2177"]
[BlackElo "1819"]
[PlyCount "63"]
[EventDate "2006.07.03"]
[EventType "team"]
[EventRounds "9"]
[EventCountry "SLO"]
[SourceTitle "EXT 2008"]
[Source "ChessBase"]
[SourceDate "2007.11.25"]
[SourceVersion "1"]
[SourceVersionDate "2007.11.25"]
[SourceQuality "1"]

1. g3 g6 2. Bg2 Bg7 3. e4 c5 4. Nc3 Nc6 5. f4 d6 6. Nf3 e6 7. 0-0 Nge7 8. d3 Nd4 9. Ne2 Nxf3+ 10. Bxf3 Nc6 11. c3 Qb6 12. g4 0-0 13. Ng3 f5 14. Kh1 fxg4 15. Bxg4 Bd7 16. Qe2 Rae8 17. Be3 Qc7 18. Rf2 b6 19. h4 d5 20. e5 Ne7 21. Rg1 Nf5 22. Nxf5 exf5 23. Bf3 Bc6 24. d4 c4 25. h5 Kf7 26. Rh2 Re6 27. Qg2 Qd7 28. Bf2 Rh8 29. Bh4 b5 30. Bf6 Ke8 31. Bxg7 Qxg7 32. Bxd5 1-0

[Event "SLO-ch 15th"]
[Site "Ptuj"]
[Date "2005.08.19"]
[Round "9"]
[White "Matko, Milan"]
[Black "Spelec, Darko"]
[Result "1-0"]
[WhiteElo "2200"]
[BlackElo "2066"]
[PlyCount "97"]
[EventDate "2005.08.12"]
[EventType "swiss"]
[EventRounds "9"]
[EventCountry "SLO"]
[SourceTitle "CBM 107 Extra"]
[Source "ChessBase"]
[SourceDate "2005.09.01"]
[SourceVersion "1"]
[SourceVersionDate "2005.09.01"]
[SourceQuality "1"]

1. Nf3 d6 2. g3 e5 3. e4 Nf6 4. Nc3 Nc6 5. Bg2 Bg4 6. h3 Bh5 7. g4 Bg6 8. d3 Be7 9. Be3 Nd7 10. Qd2 Nc5 11. Nd5 Ne6 12. 0-0-0 a5 13. Kb1 b5 14. h4 h5 15. g5 b4 16. Nxe7 Qxe7 17. d4 exd4 18. Nxd4 Ncxd4 19. Bxd4 0-0 20. Be3 f5 21. exf5 Bxf5 22. Bxa8 Rxa8 23. Qd5 Rf8 24. Qxa5 Be4 25. Qxb4 Bxh1 26. Rxh1 Qd7 27. Re1 Kh8 28. Qe4 d5 29. Qg6 Qf7 30. Qxf7 Rxf7 31. c3 Kh7 32. b4 c6 33. a4 Kg6 34. a5 Nc7 35. Bb6 Kf5 36. Bxc7 Rxc7 37. Rg1 g6 38. Kc2 Ke4 39. Rg3 Rf7 40. Re3+ Kf4 41. Re6 Kg4 42. Rxc6 Kxh4 43. Rf6 Rc7 44. Rxg6 Kg4 45. b5 d4 46. Rc6 Ra7 47. a6 h4 48. b6 Rxa6 49. b7 1-0